000 00721nam a22001817a 4500
003 UA-OsUOA
001 15094
007 ta
008 20031030b un ||||| |||| 00| 0 ukr d
100 _aЯрмусь В.
942 _cSA
040 _aUA-OsUOA
_cUA-OsUOA
_dUA-OsUOA
245 _aМожна дізнатися в музеї професійного ліцею: [З нагоди ювілею міста (Радивилів) поповнюється краєзн. матеріалами музей Радивилів. проф. ліцею]
300 _aС.2
955 _a0
773 0 _w0
_tПрапор перемоги
_dРадивилів
_d2003
_g№57/ 22 лип./
650 7 _aКраєзнавча робота
_2UDC
999 _c301259
_d301259